Россия героическая: рассказы русских летописей и воинские повести XIV-XVI вв.; пер. с древнерус.; Мужество русского народа; Повесть о нашествии хана Тохтамыша на Москву; Повесть о приходе Темир-Аксака; Повесть о нашествии Едигея на Москву; Повесть о стоянии на реке Угре; Повесть об обороне Опочки; Казанская история; Повесть о многочудесной победе над ливонскими немцами; Повесть о бое московских воевод с неверным царем; Повесть о приходе литовского короля Стефана

Bibliographic Details
Language:Russian
Published: Москва, Молодая гвардия, 1988
TOC:Ю. К. Бегунов, Мужество русского народа;
Повесть о нашествии хана Тохтамыша на Москву;
Повесть о приходе Темир-Аксака;
Повесть о нашествии Едигея на Москву;
Повесть о стоянии на реке Угре;
Повесть об обороне Опочки;
Казанская история;
Повесть о многочудесной победе над ливонскими немцами;
Повесть о бое московских воевод с неверным царем;
Повесть о приходе литовского короля Стефана;
Subjects:
Format: Book
KOHA link:https://koha.lib.tpu.ru/cgi-bin/koha/opac-detail.pl?biblionumber=16625

MARC

LEADER 00000nam0a2200000 4500
001 16625
005 20231030190604.0
010 |a 5235002296 
035 |a (RuTPU)RU\TPU\book\16752 
035 |a BOOK00001440 
090 |a 16625 
100 |a 20011209d1988 km y0rusy50 ca 
101 1 |a rus  |c chu 
102 |a RU 
105 |a y z 000ay 
200 1 |a Россия героическая  |e рассказы русских летописей и воинские повести XIV-XVI вв.  |e пер. с древнерус. 
210 |a Москва  |c Молодая гвардия  |d 1988 
215 |a 175 с. 
464 |t Мужество русского народа  |o предисловие  |f Ю. К. Бегунов 
464 |t Повесть о нашествии хана Тохтамыша на Москву  |o рукопись XVI в., перевод 
464 |t Повесть о приходе Темир-Аксака 
464 |t Повесть о нашествии Едигея на Москву 
464 |t Повесть о стоянии на реке Угре 
464 |t Повесть об обороне Опочки 
464 |t Казанская история 
464 |t Повесть о многочудесной победе над ливонскими немцами 
464 |t Повесть о бое московских воевод с неверным царем 
464 |t Повесть о приходе литовского короля Стефана 
610 1 |a история 
610 1 |a литература древнерусская 
610 1 |a летописи древнерусские 
610 1 |a войны русского народа 
610 1 |a 14 век 
610 1 |a 15 век 
610 1 |a 16 век 
610 1 |a полководцы русские 
686 |a Т3(2)42/45  |v LBC/SL-A  |2 rubbk 
801 0 |a RU  |b 63413507  |c 20011209  |g PSBO 
801 2 |a RU  |b 63413507  |c 20141017  |g PSBO 
942 |c BK